01470nam a22001937a 4500999001500000003000400015008004100019020001800060100003900078245005200117250000900169260005500178300001100233500067400244650003300918942001200951952015600963952015701119 c8714d8714OSt200707b ||||| |||| 00| 0 eng d a9788123914275 aPandey, S.K. & Sharma, Varun Dutt  aHuman Anatomy and Physiology Practical Notebook a2019 aNew DelhibCBS Publishers & Distributors Pvt. Ltd. aPg. 81 aThe ultimate objective of technical education is to develop relevant skills, creativity. and competence among the students so as to enable them to perform the tasks effectively and efficiently later in the world of work. To achieve the above goal and to reduce the writing workload of the students, this Practical Notebook on Human Anatomy and Physiology for First Year Diploma in Pharmacy has been written according to new syllabus as prescribed by Pharmacy Council of India, Education Regulation, 1991. This Practical Notebook contains experiments.Left hand side page of every experiment has been left blank for making diagrams, writing calculations and observations. aHuman Anatomy and Physiology 2ddccBK 00102ddc40708BPaPIETbPIETd2020-02-01eKirti PrakashanfIN Rupeesg375.00kIN6239l0o611 SHHpBP736r2020-07-07 00:00:00v241.88w2020-02-01yBK 00102ddc40708BPaPIETbPIETd2020-02-01eKirti PrakashanfIN Rupeesg375.00kIN6239l0o611 SHHpBP737r2020-07-07 00:00:00v241.88w2020-02-01yREF